Normal view
MARC view
Entry Personal Name
001 - CONTROL NUMBER
- control field: 41678
003 - CONTROL NUMBER IDENTIFIER
- control field: ARRUPE
005 - DATE AND TIME OF LATEST TRANSACTION
- control field: 20180508125045.0
008 - FIXED-LENGTH DATA ELEMENTS
- fixed length control field: 180508|| aca||aabn | a|a d
040 ## - CATALOGING SOURCE
- Original cataloging agency: ARRUPE
- Transcribing agency: ARRUPE
100 ## - HEADING--PERSONAL NAME
- Personal name: Cox, Michael,
- Dates associated with a name: 1947-
- Relator term: author of introduction.
670 ## - SOURCE DATA FOUND
- Source citation: Work cat.: (ARRUPE)0: Carr, Edward Hallett, 1892-1982, author. 41675, The twenty years' crisis, 1919-1939 /